Slow It Down- Benson Boone Lyrics - Statistics

General Stats
  • This quiz has been taken 402 times
    395 since last reset
  • The average score is 208 of 271
Answer Stats
Answer % Correct
I
99%
you
99%
in
96%
me
95%
a
94%
to
94%
the
93%
it
91%
never
90%
moment
89%
now
89%
when
89%
but
88%
your
88%
And
87%
and
87%
down
87%
on
87%
slow
87%
Slow
87%
with
86%
by
84%
eyes
84%
green
84%
party
84%
invite
83%
we're
83%
We're
83%
those
82%
future
81%
nobody
81%
stolen
81%
wanted
81%
met
80%
is
78%
of
78%
take
78%
Then
78%
big
77%
out
77%
walked
77%
crying
76%
for
76%
love
76%
deep
75%
head
75%
picture
75%
touch
75%
you're
75%
could
74%
dreams
74%
drown
74%
flicker
74%
i'm
74%
know
74%
young
74%
come
72%
Jesus
72%
only
72%
So
72%
back
71%
city
71%
ever
71%
Oh
71%
this
71%
too
71%
staircase
70%
right
69%
dirty
68%
Let
68%
lonely
68%
talking
68%
can
67%
pieces
67%
screens
67%
waters
67%
Georgia
66%
that
66%
About
65%
cause
65%
I'd
65%
known
65%
full
64%
hate
64%
spinning
64%
you've
64%
hold
62%
quickly
62%
feel
61%
lying
61%
moving
61%
scared
60%
world
60%
it's
59%
my
59%
reason
58%
hopeless
57%
they
57%
While
53%
pull
52%
doubt
50%
funny
49%
how
49%
mother
49%
Ain't
47%
get
45%
ground
45%
her
45%
changes
44%
anxious
42%
like
42%
loving
42%
nervous
42%
rearranges
42%
trying
42%
dangerous
41%
lose
41%
girl
39%
left
39%
others
39%
round
37%
probably
35%
Maybe
34%
that's
34%
help
33%
I'll
33%
you'll
19%
No matching quizzes found
Score Distribution
Percent of People with Each Score
Percentile by Number Answered
Your Score History
You have not taken this quiz since the last reset